000 00664nam a22002057a 4500
005 20230309133145.0
008 230305b sp ||||| |||| 00| 0 spa d
020 _a9788420649290
050 _aDS327.7
_bH65 2004
100 1 _aHöllmann, Thomas O.
245 _aLa ruta de la seda /
_cThomas O. Höllmann ; traductor Elena Bombín Izquierdo
250 _a1a ed.
260 _aEspaña ;
_bAlianza,
_c 2004
300 _a182 p. ;
_c17 cm.
440 _aHumanidades ;
_n No. 4258
500 _a# 655 Donacion: Juan Alvarez Cienfuegos 25/ FEB./2020
650 _aHistoria de Asia
700 _aBombín Izquierdo, Elena
_etr.
942 _2lcc
_cLIB
999 _c166444
_d166442